Siêu trí nhớ You can have an amazing memory :15 bài tập đơn giản giúp bạn rèn luyện trí nhớ hiệu quả

Chỉ dẫn cách rèn luyện trí nhớ không chỉ để thành thạo những bài tập não bộ, mà còn là đòn bẩy giúp tăng sự tự tin, và giới thiệu 15 bài tập đơn giản giúp rèn luyện trí nhớ hiệu quả

Tallennettuna:
Bibliografiset tiedot
Päätekijä: O'Brien, Dominic
Muut tekijät: Thảo Trâm
Aineistotyyppi: Kirja
Kieli:Undetermined
Julkaistu: H. Lao động; Công ty Sách Alpha 2018
Aiheet:
Linkit:http://lrc.tdmu.edu.vn/opac/search/detail.asp?aID=2&ID=35507
Tagit: Lisää tagi
Ei tageja, Lisää ensimmäinen tagi!
Thư viện lưu trữ: Trung tâm Học liệu Trường Đại học Thủ Dầu Một
LEADER 01085nam a2200229Ia 4500
001 TDMU_35507
008 210410s9999 xx 000 0 und d
082 |a 621.382 
090 |b O418 
100 |a O'Brien, Dominic 
245 0 |a Siêu trí nhớ 
245 0 |b You can have an amazing memory :15 bài tập đơn giản giúp bạn rèn luyện trí nhớ hiệu quả 
245 0 |c Dominic O'Brien; Thảo Trâm (dịch) 
260 |a H. 
260 |b Lao động; Công ty Sách Alpha 
260 |c 2018 
300 |a 266tr. 
520 |a Chỉ dẫn cách rèn luyện trí nhớ không chỉ để thành thạo những bài tập não bộ, mà còn là đòn bẩy giúp tăng sự tự tin, và giới thiệu 15 bài tập đơn giản giúp rèn luyện trí nhớ hiệu quả 
650 |a Trí nhớ  |x Rèn luyện 
700 |a Thảo Trâm 
856 |u http://lrc.tdmu.edu.vn/opac/search/detail.asp?aID=2&ID=35507 
980 |a Trung tâm Học liệu Trường Đại học Thủ Dầu Một